Gaming Quiz

Random Gaming or Pokémon Quiz
Score 0/25 Timer 05:00
2 Plays Today
% Correct
Pikachu
98.6%
Jigglypuff
90.6%
Blastoise
89.5%
Voltorb
87.8%
Meowth
87.5%
Bulbasaur
85.4%
Snorlax
84.5%
Mr. Mime
83.2%
Zubat
83%
Staryu
79%
Hitmonlee
79%
Gastly
78.6%
Vaporeon
78.3%
% Correct
Diglett
76.6%
Mankey
75.3%
Seel
75.1%
Gloom
73.8%
Graveler
73.5%
Jynx
73.3%
Venonat
70.8%
Kingler
68.8%
Pinsir
64.1%
Magnemite
62.9%
Weedle
61.9%
Chansey
53.1%

You're not logged in!

Compare scores with friends on all Sporcle quizzes.
OR
Log In

Sporcle TV

Today on Sporcle TV


Watch our educational content, quiz creation guides, and fun videos on Sporcle TV.

Show Comments

Extras

Top Quizzes Today


Score Distribution

Paid Content

Your Account Isn't Verified!

In order to create a playlist on Sporcle, you need to verify the email address you used during registration. Go to your Sporcle Settings to finish the process.

Report this User

Report this user for behavior that violates our Community Guidelines.

Details: